000 00309nam a22001337a 4500
008 170418b xxu||||| |||| 00| 0 eng d
020 _a9780072473827
041 _aeng
080 _24ED
_a579
100 _a`11
101 _aSHM
245 _aMICTOBIOLOGY HUMAN PRESPECTIVE
_cNESTER.E.W
942 _2udc
_cBK
999 _c10953
_d10953